Rimas y Leyendas

Gespeichert in:
Bibliographische Detailangaben
1. Verfasser: Bécquer, Gustavo Adolfo
Format: Buch
Sprache:Undetermined
Veröffentlicht: San José, Costa Rica Editorial Fernández Arce 1976
Schlagworte:
Tags: Tag hinzufügen
Keine Tags, Fügen Sie den ersten Tag hinzu!

MARC

LEADER 00000nam a2200000Ia 4500
008 170316s9999 xx 000 0 und d
040 |a cru BVZT 
090 |a 862 B-7ri 
100 |a Bécquer, Gustavo Adolfo 
245 |a Rimas y Leyendas 
260 |a San José, Costa Rica 
260 |b Editorial Fernández Arce 
260 |c 1976 
300 |a 208 páginas 
650 |a LITERATURA ESPAÑOLA 
650 |a RIMAS 
650 |a LEYENDAS 
999 |c 15290  |d 15290 
942 |c 15 D  |h 862 B-7ri  |2 z